[Event "2BLW 2223 SV Koblenz - SV Oberursel"]
[Site "?"]
[Date "2022.11.27"]
[Round "4.5"]
[White "Stork, Oliver"]
[Black "Doncevic, Dario"]
[Result "1-0"]
[WhiteElo "2340"]
[BlackElo "2221"]
[PlyCount "85"]
[EventDate "2022.??.??"]

1. d4 Nf6 2. Bf4 g6 3. Nc3 d5 4. e3 Bg7 5. h4 h5 6. Nf3 Bg4 7. Be2 Bxf3 8. Bxf3 c6 9. Qe2 Nbd7 10. O-O-O Qa5 11. Kb1 e6 12. e4 dxe4 13. Nxe4 Nxe4 14. Bxe4 O-O 15. g4 Nf6 16. Bd2 Qb6 17. gxh5 Nxh5 18. Bf3 Qxd4 19. Bc1 Qe5 20. Qxe5 Bxe5 21. Bxh5 gxh5 22. Rhg1+ Kh7 23. Rg5 Bf6 24. Rxh5+ Kg6 25. Rh6+ Kf5 26. Rd3 Bg7 27. Rf3+ Ke4 28. Rf4+ Ke5 29. Rh7 Bh8 30. Rfxf7 Rxf7 31. Rxf7 Rg8 32. Rxb7 Rg1 33. c3 Bf6 34. Rxa7 Bxh4 35. f4+ Ke4 36. Kc2 c5 37. Rd7 Bf2 38. Rd6 Kf5 39. a4 c4 40. a5 Bc5 41. Rc6 Rg2+ 42. Kb1 Ba7 43. Rc7 1-0

[Event "2BLW 2223 SV Koblenz - SV Oberursel"]
[Site "?"]
[Date "2022.11.27"]
[Round "4.6"]
[White "Stewart, Neil"]
[Black "Weber, Samuel"]
[Result "1-0"]
[WhiteElo "2213"]
[BlackElo "2198"]
[PlyCount "139"]
[EventDate "2022.??.??"]

1. d4 Nf6 2. c4 g6 3. Nc3 Bg7 4. e4 d6 5. h3 O-O 6. Be3 e5 7. d5 a5 8. g4 Na6 9. Nge2 Nc5 10. Ng3 Bd7 11. Qd2 c6 12. f3 cxd5 13. cxd5 a4 14. Nb5 Bxb5 15. Bxb5 Qa5 16. Qxa5 Rxa5 17. Be2 Rc8 18. Rc1 Raa8 19. O-O Nfd7 20. Rc2 Bf6 21. Rfc1 Rcb8 22. Bb5 Bd8 23. Nf1 Kf8 24. Nd2 Ra5 25. Bxd7 Nxd7 26. Rc8 Raa8 27. Rxb8 Rxb8 28. Kf1 Ke7 29. Ke2 Bb6 30. Bxb6 Nxb6 31. Rc7+ Nd7 32. Nb1 Kd8 33. Rc1 Ra8 34. Na3 Ra5 35. g5 Rc5 36. Rc4 Rxc4 37. Nxc4 Kc7 38. Kd3 Nc5+ 39. Kc3 b5 40. Ne3 Nd7 41. Kb4 Kb6 42. Ng4 Nc5 43. Kc3 Nd7 44. Nh6 f6 45. h4 fxg5 46. hxg5 Kc5 47. a3 Kb6 48. Ng4 Kc7 49. Kb4 Kb6 50. Nf6 Nc5 51. Kc3 Nb3 52. Kd3 b4 53. axb4 Nd4 54. f4 Kb5 55. Nxh7 Kxb4 56. f5 gxf5 57. g6 Kb3 58. g7 fxe4+ 59. Kxe4 Kxb2 60. g8=Q a3 61. Qb8+ Nb3 62. Kd3 a2 63. Kc4 a1=Q 64. Qxb3+ Kc1 65. Qc3+ Qxc3+ 66. Kxc3 Kd1 67. Kd3 Ke1 68. Ke4 Kd2 69. Ng5 Kc3 70. Nf7 1-0

[Event "2BLW 2223 SV Koblenz - SV Oberursel"]
[Site "?"]
[Date "2022.11.27"]
[Round "4.7"]
[White "Yavorovsky, Valeriy"]
[Black "Steinacker, Alex"]
[Result "1-0"]
[WhiteElo "2333"]
[BlackElo "2287"]
[PlyCount "85"]
[EventDate "2022.??.??"]

1. d4 g6 2. c4 Bg7 3. Nf3 Nf6 4. Nc3 O-O 5. e4 d6 6. Be2 e5 7. d5 a5 8. Bg5 h6 9. Bh4 Na6 10. Nd2 Qd7 11. O-O Nc5 12. b3 Ne8 13. a3 f5 14. f3 Bf6 15. Bxf6 Nxf6 16. b4 Na6 17. Nb3 axb4 18. axb4 Rb8 19. b5 Nc5 20. Nxc5 dxc5 21. Qd2 f4 22. b6 cxb6 23. Qb2 Qd8 24. Rfb1 Nd7 25. Ra7 Rf6 26. Nd1 h5 27. Nf2 Qe7 28. Bd1 g5 29. Nd3 Rg6 30. Ba4 g4 31. Bxd7 gxf3 32. Qxe5 Rxg2+ 33. Kf1 Qxd7 34. Nf2 Qg7 35. Qxg7+ Kxg7 36. Rxb6 Rxh2 37. e5 Bf5 38. Rf6 Bc2 39. Rxf4 Rf8 40. Rxb7+ Kg8 41. Rxf8+ Kxf8 42. e6 Bf5 43. Rf7+ 1-0

[Event "2BLW 2223 SV Koblenz - SV Oberursel"]
[Site "?"]
[Date "2022.11.27"]
[Round "4.8"]
[White "Bohn, Thomas"]
[Black "Dolzhykova, Kateryna"]
[Result "1/2-1/2"]
[WhiteElo "2307"]
[BlackElo "2204"]
[PlyCount "47"]
[EventDate "2022.??.??"]

1. f4 e5 2. fxe5 d6 3. exd6 Bxd6 4. Nf3 g5 5. g3 g4 6. Nh4 Ne7 7. d4 Ng6 8. Nxg6 hxg6 9. Qd3 Nc6 10. c3 Qe7 11. Bg2 Bf5 12. e4 O-O-O 13. Bf4 Bxf4 14. gxf4 Rh3 15. Qe2 Rxd4 16. cxd4 Nxd4 17. Qf2 Bxe4 18. Bxh3 Bf3+ 19. Kd2 Qb4+ 20. Kd3 Qb5+ 21. Kc3 Qc6+ 22. Kd3 Qe4+ 23. Kc3 Qc6+ 24. Kd3 1/2-1/2

[Event "2BLW 2223 SC Heimbach-Weis-Neuwied - SF"]
[Site "?"]
[Date "2022.11.27"]
[Round "4.1"]
[White "Lubbe, Nikolas"]
[Black "Livaic, Leon"]
[Result "1-0"]
[WhiteElo "2486"]
[BlackElo "2582"]
[PlyCount "93"]
[EventDate "2022.??.??"]

1. d4 e6 2. Nf3 f5 3. c4 Nf6 4. e3 b6 5. Bd3 Bb7 6. O-O Bd6 7. Nc3 O-O 8. h3 Kh8 9. a3 a5 10. Qe2 Qe8 11. e4 fxe4 12. Nxe4 Nxe4 13. Bxe4 Bxe4 14. Qxe4 Nc6 15. Be3 a4 16. Rad1 Ra5 17. Ng5 Qg6 18. Qxg6 hxg6 19. Ne4 Be7 20. Nc3 d5 21. cxd5 exd5 22. Rc1 Nd8 23. Rfe1 Bd6 24. Bg5 Nf7 25. Bd2 Nh6 26. g4 Ng8 27. Re6 Kh7 28. Rc2 Bf4 29. Be1 g5 30. Ne2 Ra7 31. Bb4 Rf6 32. Rec6 Rxc6 33. Rxc6 Nf6 34. Kg2 Nd7 35. Nxf4 gxf4 36. Kf3 Nb8 37. Re6 Na6 38. Bc3 Ra8 39. Kxf4 Rf8+ 40. Ke3 Rf7 41. f4 g6 42. h4 Nb8 43. g5 Nd7 44. Bb4 c5 45. Bc3 cxd4+ 46. Bxd4 Nf8 47. Re8 1-0

[Event "2BLW 2223 SC Heimbach-Weis-Neuwied - SF"]
[Site "?"]
[Date "2022.11.27"]
[Round "4.2"]
[White "Kraus, Tomas"]
[Black "Bethke, Richard"]
[Result "1/2-1/2"]
[WhiteElo "2467"]
[BlackElo "2373"]
[PlyCount "47"]
[EventDate "2022.??.??"]

1. Nf3 Nf6 2. b3 e6 3. Bb2 b6 4. e3 Be7 5. d4 O-O 6. Nbd2 c5 7. Bd3 Ba6 8. c4 Nc6 9. O-O Rc8 10. Rc1 d5 11. Qe2 cxd4 12. exd4 Qd6 13. Rfe1 Bb7 14. a3 a5 15. Nf1 Rfd8 16. Ng3 g6 17. h3 Bf8 18. Qe3 Bg7 19. Red1 Qb8 20. Ne2 a4 21. bxa4 Qa8 22. Ng5 Qxa4 23. Bc2 Qa8 24. cxd5 1/2-1/2

[Event "2BLW 2223 SC Heimbach-Weis-Neuwied - SF"]
[Site "?"]
[Date "2022.11.27"]
[Round "4.3"]
[White "Lubbe, Melanie"]
[Black "Tica, Sven"]
[Result "0-1"]
[WhiteElo "2314"]
[BlackElo "2432"]
[PlyCount "74"]
[EventDate "2022.??.??"]

1. e4 c6 2. Nc3 d5 3. Nf3 dxe4 4. Nxe4 Nf6 5. Qe2 Nxe4 6. Qxe4 Nd7 7. Bc4 Nf6 8. Ne5 e6 9. Qe2 b5 10. Bd3 Qc7 11. a4 b4 12. b3 Nd5 13. Bb2 Nf4 14. Qe4 Nxd3+ 15. Nxd3 Bb7 16. Be5 c5 17. Qe3 Qc6 18. f3 f6 19. Bb2 Be7 20. Nf4 e5 21. Nh5 g6 22. Ng3 c4 23. Ne4 O-O 24. h4 f5 25. Nf2 Bc5 26. Qe2 c3 27. dxc3 bxc3 28. Qc4+ Rf7 29. Qxc3 Qb6 30. Nd3 Bd4 31. Qd2 e4 32. a5 Qd6 33. Bxd4 Qxd4 34. Ra4 Qf6 35. Nc5 Rd8 36. Qe3 f4 37. Nxe4 Bxe4 0-1

[Event "2BLW 2223 SC Heimbach-Weis-Neuwied - SF"]
[Site "?"]
[Date "2022.11.27"]
[Round "4.4"]
[White "Winterberg, Lukas"]
[Black "Kuenstler, Christian"]
[Result "1-0"]
[WhiteElo "2394"]
[BlackElo "2267"]
[PlyCount "70"]
[EventDate "2022.??.??"]

1. d4 Nf6 2. Nf3 d5 3. c4 e6 4. Nc3 c5 5. cxd5 Nxd5 6. e4 Nxc3 7. bxc3 cxd4 8. cxd4 Bb4+ 9. Bd2 Bxd2+ 10. Qxd2 O-O 11. Bc4 Nd7 12. O-O b6 13. Rad1 Bb7 14. Rfe1 Rc8 15. Bb3 h6 16. h4 Re8 17. g4 Qf6 18. Kg2 Red8 19. g5 Qg6 20. Qf4 b5 21. d5 exd5 22. Bxd5 Bxd5 23. Rxd5 Nc5 24. Ne5 Qh5 25. gxh6 Ne6 26. Rxd8+ Rxd8 27. Qf5 Qxf5 28. exf5 Nc5 29. Nc6 Rd7 30. hxg7 Kxg7 31. Re5 Nd3 32. Rxb5 Rd6 33. Nb4 Nf4+ 34. Kf3 Nh5 35. Nd5 Nf6 1-0

[Event "2BLW 2223 SC Heimbach-Weis-Neuwied - SF"]
[Site "?"]
[Date "2022.11.27"]
[Round "4.5"]
[White "Lutz, Klaus-Juergen"]
[Black "Krejci, Jan"]
[Result "0-1"]
[WhiteElo "2264"]
[BlackElo "2516"]
[PlyCount "64"]
[EventDate "2022.??.??"]

1. e4 e5 2. Nf3 Nc6 3. Bc4 Nf6 4. d4 exd4 5. e5 d5 6. Bb5 Nd7 7. O-O Be7 8. Bxc6 bxc6 9. Nxd4 Nb8 10. Qh5 O-O 11. f4 f5 12. Qf3 c5 13. Nb3 Be6 14. Be3 Na6 15. Na3 Rb8 16. Qe2 c4 17. Nd4 Qd7 18. c3 Nc5 19. Nb1 a5 20. b3 cxb3 21. axb3 Nxb3 22. Nxb3 Rxb3 23. Rxa5 Rfb8 24. Qd3 d4 25. Bd2 c5 26. Ra1 Qc6 27. Kh1 c4 28. Qg3 Qe4 29. Qe1 Bd5 30. Rg1 Bc5 31. cxd4 Bxd4 32. Nc3 Qxe1 0-1

[Event "2BLW 2223 SC Heimbach-Weis-Neuwied - SF"]
[Site "?"]
[Date "2022.11.27"]
[Round "4.6"]
[White "Polak, Tomas"]
[Black "Schaffer, Hendrik"]
[Result "1-0"]
[WhiteElo "2513"]
[BlackElo "2220"]
[PlyCount "127"]
[EventDate "2022.??.??"]

1. d4 Nf6 2. c4 g6 3. Nc3 Bg7 4. e4 d6 5. Nf3 O-O 6. Be2 e5 7. O-O Bg4 8. d5 a5 9. Be3 Na6 10. Nd2 Bxe2 11. Qxe2 Nd7 12. a3 f5 13. f3 Qh4 14. Rab1 Bh6 15. b4 axb4 16. axb4 Bxe3+ 17. Qxe3 Nf6 18. Qf2 Qxf2+ 19. Kxf2 c5 20. dxc6 bxc6 21. Rfd1 Nc7 22. Nb3 d5 23. exd5 cxd5 24. cxd5 Rfd8 25. d6 Nce8 26. Re1 e4 27. fxe4 Rac8 28. Nc5 fxe4 29. d7 Nxd7 30. N3xe4 Nb6 31. Red1 Nc7 32. Rxd8+ Rxd8 33. Ra1 Ra8 34. Rxa8+ Nbxa8 35. Kf3 Nb6 36. Nc3 Kf7 37. Ke4 Kf6 38. N5a4 Nxa4 39. Nxa4 Ke6 40. Nc3 Kd6 41. Kd4 Ne6+ 42. Kc4 h5 43. h4 Ke5 44. b5 Nd8 45. Nd5 Kf5 46. Ne7+ Kf6 47. Nc6 Nb7 48. Kd5 g5 49. g3 gxh4 50. gxh4 Kf5 51. Ne5 Kf4 52. b6 Kg3 53. Ng6 Kg4 54. Kc6 Na5+ 55. Kb5 Nb7 56. Kc6 Na5+ 57. Kc7 Kg3 58. Ne5 Kxh4 59. Nc6 Kg3 60. Nxa5 h4 61. b7 h3 62. b8=Q Kg2 63. Nc4 h2 64. Ne3+ 1-0

[Event "2BLW 2223 SC Heimbach-Weis-Neuwied - SF"]
[Site "?"]
[Date "2022.11.27"]
[Round "4.7"]
[White "Eull, Emil"]
[Black "Ronge, Tim"]
[Result "1-0"]
[WhiteElo "1934"]
[BlackElo "2278"]
[PlyCount "81"]
[EventDate "2022.??.??"]

1. c4 e5 2. Nc3 d6 3. Nf3 Nf6 4. g3 g6 5. Bg2 Bg7 6. O-O O-O 7. d3 Nc6 8. Rb1 a5 9. a3 h6 10. b4 axb4 11. axb4 Be6 12. b5 Ne7 13. Bb2 Qd7 14. Re1 Nh7 15. d4 Rfd8 16. dxe5 dxe5 17. Qxd7 Rxd7 18. Ne4 Bxc4 19. Nxe5 Bxe5 20. Bxe5 Ra5 21. Ra1 b6 22. Rxa5 bxa5 23. Nc5 Rd2 24. Bxc7 Bxb5 25. Bxa5 Ra2 26. Bd8 Nc6 27. Bxc6 Bxc6 28. f3 f6 29. Kf2 Bb5 30. Ne4 Ra6 31. Rb1 Bc6 32. Nc5 Ra8 33. Be7 Kf7 34. Rb6 Rc8 35. Bd6 Ng5 36. Ra6 Bd5 37. Ra7+ Kg8 38. Nd7 Nh7 39. Nb6 Rc6 40. Nxd5 Rxd6 41. Ne7+ 1-0

[Event "2BLW 2223 SC Heimbach-Weis-Neuwied - SF"]
[Site "?"]
[Date "2022.11.27"]
[Round "4.8"]
[White "Bukal, Vladimir Jr"]
[Black "Baranyai-Molnar, Adam"]
[Result "1/2-1/2"]
[WhiteElo "2411"]
[BlackElo "1838"]
[PlyCount "94"]
[EventDate "2022.??.??"]

1. Nf3 f5 2. d4 Nf6 3. Bf4 d6 4. e3 g6 5. Nbd2 Bg7 6. h3 O-O 7. Bc4+ e6 8. Qe2 Qe7 9. g4 d5 10. Bd3 c5 11. c3 Ne4 12. gxf5 exf5 13. h4 cxd4 14. exd4 Re8 15. h5 Nc6 16. hxg6 hxg6 17. Kd1 Qf8 18. Qf1 Bd7 19. Qg2 Re6 20. Qh2 Qe7 21. Bc2 Re8 22. Bb3 Nf6 23. Ne5 Nxe5 24. dxe5 Ng4 25. Qh7+ Kf8 26. Bxd5 Nxf2+ 27. Kc2 Nxh1 28. Rxh1 Qf7 29. Nf3 Bc6 30. Ng5 Bxd5 31. Nxf7 Kxf7 32. Bh6 Rg8 33. Rd1 Rxe5 34. c4 Re2+ 35. Kb3 Be6 36. Rd6 Rxb2+ 37. Ka3 Rb6 38. Rxb6 axb6 39. Kb4 Bd7 40. a4 Bc6 41. c5 bxc5+ 42. Kxc5 f4 43. a5 Be4 44. Kd6 Rd8+ 45. Kc7 Rg8 46. Kd6 Rd8+ 47. Kc7 Rg8 1/2-1/2

[Event "2BLW 2223 SG Porz - SF Neuberg"]
[Site "?"]
[Date "2023.02.04"]
[Round "5.1"]
[White "Lubbe, Nikolas"]
[Black "Lutz, Christopher"]
[Result "1/2-1/2"]
[WhiteElo "2487"]
[BlackElo "2527"]
[PlyCount "118"]
[EventDate "2023.??.??"]

1. d4 Nf6 2. Nf3 e6 3. c4 d5 4. e3 Be7 5. b3 O-O 6. Bd3 b6 7. Nbd2 c5 8. Bb2 Bb7 9. O-O Nc6 10. Rc1 cxd4 11. exd4 Rc8 12. Qe2 Qc7 13. a3 Rfe8 14. c5 a5 15. Rfe1 Nd7 16. Qe3 Bf6 17. Ng5 Nf8 18. Ndf3 bxc5 19. Rxc5 Qb6 20. b4 axb4 21. axb4 Ra8 22. b5 Ne7 23. Qf4 Neg6 24. Qc7 Qxc7 25. Rxc7 Re7 26. Rec1 Ra2 27. Rxe7 Bxe7 28. Rc7 Rxb2 29. Rxb7 h6 30. Nh3 f5 31. g3 Bd8 32. Kf1 Ba5 33. Ra7 Bb6 34. Rb7 Ba5 35. Nhg1 Rb3 36. Ke2 Bc3 37. Ke3 e5 38. dxe5 Bxe5 39. Ke2 f4 40. Nd2 Rb2 41. Ngf3 Bc3 42. Kd1 Ne5 43. Bc2 fxg3 44. hxg3 Nxf3 45. Nxf3 g5 46. Nh2 h5 47. Nf3 Bf6 48. Rb6 Be7 49. Ne5 Bc5 50. Rh6 Rxb5 51. Rxh5 Be7 52. Ng4 Kg7 53. Ne3 Bd8 54. Nf5+ Kg8 55. Nd4 Ra5 56. Bb3 Bf6 57. Nc6 Rb5 58. Ba4 Rb2 59. f4 gxf4 1/2-1/2

[Event "2BLW 2223 SG Porz - SF Neuberg"]
[Site "?"]
[Date "2023.02.04"]
[Round "5.2"]
[White "Braun, Christian"]
[Black "Lubbe, Melanie"]
[Result "1-0"]
[WhiteElo "2446"]
[BlackElo "2261"]
[PlyCount "43"]
[EventDate "2023.??.??"]

1. e4 c5 2. Nf3 d6 3. Nc3 Nf6 4. e5 dxe5 5. Nxe5 a6 6. a4 Nbd7 7. Nc4 b6 8. d4 Qc7 9. d5 Bb7 10. g3 e6 11. Bg2 exd5 12. Bf4 Qc6 13. O-O O-O-O 14. Re1 h6 15. Ne3 Ne4 16. Ncxd5 Ndf6 17. Bh3+ Rd7 18. c4 g5 19. Be5 g4 20. Nxg4 Ng5 21. Bg2 Nxg4 22. Bxh8 1-0

[Event "2BLW 2223 SG Porz - SF Neuberg"]
[Site "?"]
[Date "2023.02.04"]
[Round "5.3"]
[White "Kuenstler, Christian"]
[Black "Xu, Xianliang"]
[Result "1/2-1/2"]
[WhiteElo "2262"]
[BlackElo "2450"]
[PlyCount "47"]
[EventDate "2023.??.??"]

1. e4 c5 2. Nf3 d6 3. Bb5+ Bd7 4. c4 a6 5. Bxd7+ Nxd7 6. Nc3 Ngf6 7. O-O Rc8 8. d3 g6 9. h3 Bg7 10. Be3 O-O 11. Qd2 e6 12. Rad1 Nb8 13. Bh6 Nc6 14. Bxg7 Kxg7 15. b3 Qa5 16. Qb2 e5 17. Nd5 Qd8 18. a3 b5 19. Nxf6 Qxf6 20. cxb5 axb5 21. b4 Rb8 22. Rc1 Rfc8 23. Rc2 Nd4 24. Nxd4 1/2-1/2

[Event "2BLW 2223 SG Porz - SF Neuberg"]
[Site "?"]
[Date "2023.02.04"]
[Round "5.4"]
[White "Rotstein, Arkadij"]
[Black "Lutz, Klaus-Juergen"]
[Result "1-0"]
[WhiteElo "2460"]
[BlackElo "2272"]
[PlyCount "55"]
[EventDate "2023.??.??"]

1. Nf3 f5 2. d3 Nc6 3. e4 e5 4. Nc3 Nf6 5. Bg5 Bb4 6. exf5 d5 7. d4 e4 8. Nh4 O-O 9. Be2 Ne7 10. g4 c5 11. a3 Ba5 12. dxc5 Bxc3+ 13. bxc3 Qc7 14. Be3 b6 15. Qd4 Nc6 16. Qd2 Rd8 17. g5 Ne8 18. cxb6 axb6 19. Rb1 d4 20. cxd4 Ne7 21. f6 Nd5 22. c4 Nxe3 23. Qxe3 gxf6 24. gxf6 Nxf6 25. Rg1+ Kf7 26. Qh6 Bg4 27. Rxg4 Qxh2 28. Rg7+ 1-0

[Event "2BLW 2223 SG Porz - SF Neuberg"]
[Site "?"]
[Date "2023.02.04"]
[Round "5.5"]
[White "Schaffer, Hendrik"]
[Black "Suvorov, Alexander"]
[Result "0-1"]
[WhiteElo "2217"]
[BlackElo "2345"]
[PlyCount "94"]
[EventDate "2023.??.??"]

1. d4 Nf6 2. c4 g6 3. Nc3 Bg7 4. e4 d6 5. Nf3 O-O 6. Be2 Nbd7 7. O-O e5 8. Re1 c6 9. Bf1 exd4 10. Nxd4 Re8 11. Nc2 Nc5 12. f3 Qe7 13. Bf4 Rd8 14. Qd2 Ne6 15. Be3 b6 16. Rad1 Bb7 17. Qf2 Re8 18. a4 Nd7 19. Qd2 Be5 20. b4 Qh4 21. g3 Qf6 22. Ne2 Qxf3 23. Bg2 Qf6 24. Rf1 Qe7 25. Nf4 a5 26. c5 bxc5 27. Nxe6 Qxe6 28. bxc5 Nxc5 29. Bxc5 dxc5 30. Qd7 Ba6 31. Bh3 Qxd7 32. Bxd7 Bxf1 33. Bxe8 Be2 34. Rd2 Rxe8 35. Rxe2 Rb8 36. Kg2 Rb2 37. Kf3 Ra2 38. Ne3 Ra3 39. Kg2 Rxa4 40. Ng4 Bd4 41. e5 h5 42. Nf6+ Kg7 43. Nd7 c4 44. e6 fxe6 45. Rxe6 Ra2+ 46. Kh3 c3 47. Rxc6 c2 0-1

[Event "2BLW 2223 SG Porz - SF Neuberg"]
[Site "?"]
[Date "2023.02.04"]
[Round "5.6"]
[White "Korotkjevich, Stanislav"]
[Black "Sergin, Mark"]
[Result "1/2-1/2"]
[WhiteElo "2369"]
[BlackElo "2221"]
[PlyCount "54"]
[EventDate "2023.??.??"]

1. d4 Nf6 2. Nf3 e6 3. e3 c5 4. Bd3 Nc6 5. O-O Be7 6. a3 b6 7. c4 Bb7 8. Nc3 cxd4 9. exd4 d5 10. Bg5 dxc4 11. Bxc4 O-O 12. Re1 h6 13. Bf4 Na5 14. Ba2 Rc8 15. Qd3 Nd5 16. Bd2 Nxc3 17. Bxc3 Bd5 18. Bxa5 Bxa2 19. Bxb6 Qxb6 20. Rxa2 Rfd8 21. b4 Bf6 22. Rd2 Rd5 23. Qe3 Rc4 24. Red1 Rc8 25. Rd3 Rcd8 26. Qe4 Qb5 27. R3d2 Qa4 1/2-1/2

[Event "2BLW 2223 SG Porz - SF Neuberg"]
[Site "?"]
[Date "2023.02.04"]
[Round "5.8"]
[White "Gluma, Christian"]
[Black "Koller, Jens"]
[Result "1-0"]
[WhiteElo "2111"]
[BlackElo "2147"]
[PlyCount "71"]
[EventDate "2023.??.??"]

1. e4 c5 2. Nf3 e6 3. d4 cxd4 4. Nxd4 Nc6 5. Nc3 a6 6. Nxc6 bxc6 7. e5 Qc7 8. f4 d6 9. exd6 Bxd6 10. Qg4 Kf8 11. Bd3 Nf6 12. Qf3 Bb7 13. O-O c5 14. Qe2 h5 15. h3 h4 16. Bd2 Nh5 17. Ne4 c4 18. Nxd6 Qxd6 19. Bxc4 Ng3 20. Qd3 Qxd3 21. Bxd3 Nxf1 22. Kxf1 Rh5 23. a4 Rd8 24. b4 g6 25. b5 axb5 26. axb5 Rxb5 27. Bxb5 Rxd2 28. Bd3 Rxg2 29. Rb1 Bf3 30. Rb3 Rg3 31. Kf2 Bd5 32. c4 Bc6 33. Rb6 Rxd3 34. Rxc6 Rxh3 35. c5 Rc3 36. Rc7 1-0

[Event "2BLW 2223 Aachener SV - SV Oberursel"]
[Site "?"]
[Date "2023.02.04"]
[Round "5.1"]
[White "Heinz, Axel"]
[Black "Seel, Christian"]
[Result "1/2-1/2"]
[WhiteElo "2437"]
[BlackElo "2483"]
[PlyCount "86"]
[EventDate "2023.??.??"]

1. e4 c6 2. Nc3 d5 3. Nf3 dxe4 4. Nxe4 Nf6 5. Nxf6+ exf6 6. g3 Na6 7. a3 Bg4 8. Bg2 Qd7 9. d3 Nc7 10. Be3 Be7 11. O-O h5 12. Qd2 h4 13. Rfe1 Be6 14. c4 Kf8 15. Qc3 hxg3 16. fxg3 Bh3 17. Qd4 Qc8 18. Bf2 Bxg2 19. Kxg2 Qh3+ 20. Kg1 Ne6 21. Qd7 Rb8 22. Re2 Qh5 23. Re3 Bc5 24. d4 Rd8 25. Qxb7 Bxd4 26. Rb3 Bxf2+ 27. Kxf2 g5 28. Re1 Nd4 29. Rd3 c5 30. Re7 Kg7 31. Rde3 Rhf8 32. Qe4 Nxf3 33. Qxf3 g4 34. Qg2 Qf5+ 35. Kg1 Rd1+ 36. Re1 Rfd8 37. Qf2 Rxe1+ 38. Rxe1 Qxf2+ 39. Kxf2 Rd7 40. b3 Rd3 41. Re3 Rd2+ 42. Re2 Rd3 43. Re3 Rd2+ 1/2-1/2

[Event "2BLW 2223 Aachener SV - SV Oberursel"]
[Site "?"]
[Date "2023.02.04"]
[Round "5.2"]
[White "Nagy, Gabor"]
[Black "Margolin, Boris"]
[Result "1/2-1/2"]
[WhiteElo "2495"]
[BlackElo "2379"]
[PlyCount "39"]
[EventDate "2023.??.??"]

1. d4 d5 2. Nc3 c6 3. Bf4 Nf6 4. e3 Bf5 5. f3 e6 6. g4 Bg6 7. h4 h5 8. g5 Nfd7 9. Bd3 Bxd3 10. Qxd3 g6 11. e4 Qa5 12. Nge2 Nb6 13. a3 dxe4 14. Qxe4 N8d7 15. Bd2 Nd5 16. Nd1 Qa6 17. b3 Bg7 18. c4 Ne7 19. Ne3 O-O 20. O-O 1/2-1/2

[Event "2BLW 2223 Aachener SV - SV Oberursel"]
[Site "?"]
[Date "2023.02.04"]
[Round "5.3"]
[White "Dubiel, Jacek"]
[Black "Koch, Thomas"]
[Result "1/2-1/2"]
[WhiteElo "2374"]
[BlackElo "2436"]
[PlyCount "53"]
[EventDate "2023.??.??"]

1. e4 c5 2. Nf3 d6 3. d4 cxd4 4. Nxd4 Nf6 5. Nc3 a6 6. Be3 e5 7. Nb3 Be6 8. f4 exf4 9. Bxf4 Nc6 10. Qe2 Be7 11. h3 O-O 12. O-O-O Qc7 13. g4 Rfe8 14. g5 Nd7 15. Kb1 Rac8 16. Qg2 Nce5 17. h4 b5 18. Nd5 Bxd5 19. exd5 Nc4 20. Rh3 Nc5 21. Bxc4 bxc4 22. Nxc5 Qxc5 23. Be3 Qb5 24. Bd4 Bd8 25. h5 Bb6 26. Bc3 Ba5 27. Qd2 1/2-1/2

[Event "2BLW 2223 Aachener SV - SV Oberursel"]
[Site "?"]
[Date "2023.02.04"]
[Round "5.4"]
[White "Vandenbussche, Thibaut"]
[Black "Stork, Oliver"]
[Result "1/2-1/2"]
[WhiteElo "2442"]
[BlackElo "2353"]
[PlyCount "91"]
[EventDate "2023.??.??"]

1. e4 c5 2. Nf3 e6 3. d4 cxd4 4. Nxd4 Nf6 5. Nc3 Nc6 6. g3 Bc5 7. Nxc6 bxc6 8. e5 Nd5 9. Ne4 O-O 10. Nxc5 Qa5+ 11. Bd2 Qxc5 12. c4 Ne7 13. Bc3 f6 14. Qd2 a5 15. Bd4 Qb4 16. Qxb4 axb4 17. Bc5 Rf7 18. exf6 Nf5 19. Bxb4 Nd4 20. O-O-O e5 21. f4 gxf6 22. Bg2 Rxa2 23. Rhe1 Ba6 24. Kb1 Bxc4 25. fxe5 fxe5 26. Rxe5 Rf2 27. Re8+ Kg7 28. Bc3 c5 29. Rc8 Kf7 30. Rxc5 Nc2 31. Rd2 Na3+ 32. bxa3 Raxd2 33. Bxd2 Bd3+ 34. Kc1 Rxg2 35. Rh5 Ke6 36. a4 d5 37. a5 d4 38. a6 Rg1+ 39. Kb2 Rg2 40. Kc1 Rg1+ 41. Kb2 Rg2 42. Rh6+ Kf5 43. Kc1 Rg1+ 44. Kb2 Rg2 45. Kc1 Rg1+ 46. Kb2 1/2-1/2

[Event "2BLW 2223 Aachener SV - SV Oberursel"]
[Site "?"]
[Date "2023.02.04"]
[Round "5.5"]
[White "Weber, Samuel"]
[Black "Lemmers, Oscar"]
[Result "1/2-1/2"]
[WhiteElo "2282"]
[BlackElo "2355"]
[PlyCount "116"]
[EventDate "2023.??.??"]

1. e4 c5 2. Nf3 e6 3. d3 d5 4. Nbd2 Nc6 5. g3 g6 6. Bg2 Nge7 7. O-O Bg7 8. Re1 O-O 9. c3 a5 10. a4 b6 11. exd5 exd5 12. Nb3 h6 13. d4 c4 14. Nbd2 Be6 15. Nf1 Nf5 16. b3 Nd6 17. Ba3 cxb3 18. Qxb3 Re8 19. N3d2 Ne4 20. Nxe4 dxe4 21. Qb1 f5 22. f3 Nxd4 23. fxe4 Rc8 24. cxd4 Qxd4+ 25. Kh1 Qxa1 26. Qxa1 Bxa1 27. Rxa1 fxe4 28. Bc1 h5 29. Be3 Bd7 30. Bxb6 Rc4 31. Bxa5 Rxa4 32. Rxa4 Bxa4 33. Bd2 Bc6 34. Kg1 Bb5 35. Be3 Bxf1 36. Kxf1 Kf7 37. Ke2 Kf6 38. Bd4+ Kg5 39. h3 Kf5 40. Ke3 g5 41. Bc3 Re7 42. Bf1 Rc7 43. Bd4 Rb7 44. Bc4 Rb1 45. Be2 Rb3+ 46. Kf2 h4 47. Bg4+ Kg6 48. gxh4 gxh4 49. Be5 Kg5 50. Bc7 Rg3 51. Bxg3 hxg3+ 52. Kxg3 e3 53. h4+ Kh6 54. Kf4 e2 55. Bxe2 Kg7 56. Kg5 Kh8 57. Kg6 Kg8 58. Bc4+ Kh8 1/2-1/2

[Event "2BLW 2223 Aachener SV - SV Oberursel"]
[Site "?"]
[Date "2023.02.04"]
[Round "5.6"]
[White "Piceu, Tom"]
[Black "Dolzhykova, Kateryna"]
[Result "0-1"]
[WhiteElo "2299"]
[BlackElo "2275"]
[PlyCount "183"]
[EventDate "2023.??.??"]

1. d4 Nf6 2. c4 g6 3. Nc3 Bg7 4. e4 d6 5. f4 O-O 6. Nf3 Na6 7. Bd3 Bg4 8. O-O Nd7 9. Be3 e5 10. fxe5 c5 11. dxc5 dxc5 12. Qb3 Nxe5 13. Be2 Nc6 14. Qxb7 Nab4 15. Rad1 Qe8 16. Qb5 f5 17. Qxc5 fxe4 18. Nd4 Rxf1+ 19. Rxf1 Nxd4 20. Bxd4 Bxd4+ 21. Qxd4 Bxe2 22. Nxe2 Rd8 23. Qxa7 e3 24. Nc3 Nc6 25. Qc5 Qe6 26. Re1 Re8 27. Qd5 Kg7 28. Qxe6 Rxe6 29. Nd5 e2 30. Nf4 Re4 31. g3 Nd4 32. Kf2 Re7 33. Nxe2 Rf7+ 34. Kg2 Re7 35. Kf2 Rf7+ 36. Nf4 g5 37. Re4 Nc6 38. Ke3 gxf4+ 39. Rxf4 Rb7 40. Rf2 Ne5 41. Kd4 Ng4 42. Re2 Kf6 43. Kd5 Rd7+ 44. Kc6 Rd4 45. Kc5 Rd8 46. b3 Ne5 47. Kb6 Ke6 48. c5 Rb8+ 49. Kc7 Rb5 50. c6 Rc5 51. Kb7 Rb5+ 52. Kc8 Kd6 53. c7 Nc6 54. Rd2+ Ke7 55. Re2+ Kd6 56. g4 Na7+ 57. Kd8 Nc6+ 58. Ke8 Kxc7 59. h4 Rb4 60. Rg2 Ne5 61. h5 Nxg4 62. Kf7 Kd6 63. Kg8 h6 64. Kf7 Ke5 65. a3 Rb7+ 66. Kg6 Rb6+ 67. Kg7 Kf5 68. b4 Rb7+ 69. Kf8 Nf6 70. Rh2 Kg5 71. Rh3 Nxh5 72. Ke8 Nf4 73. Rb3 Ne6 74. a4 Kf5 75. Rf3+ Ke5 76. Rh3 Kd6 77. Rd3+ Kc6 78. Rh3 h5 79. b5+ Kd6 80. Rd3+ Kc5 81. Re3 Kd5 82. Rb3 h4 83. a5 Nc7+ 84. Kf7 Rxb5 85. Rh3 Rb4 86. Kf6 Ne6 87. a6 Rf4+ 88. Ke7 Nd4 89. Rd3 Ke5 90. Kd7 Rf7+ 91. Kc8 Rh7 92. Rh3 0-1

[Event "2BLW 2223 Aachener SV - SV Oberursel"]
[Site "?"]
[Date "2023.02.04"]
[Round "5.7"]
[White "Chandler, Patrick"]
[Black "Begnis, Nikolaos"]
[Result "0-1"]
[WhiteElo "2141"]
[BlackElo "2268"]
[PlyCount "58"]
[EventDate "2023.??.??"]

1. Nf3 Nf6 2. b4 d6 3. Bb2 e5 4. c4 g6 5. d3 Bg7 6. e3 O-O 7. Be2 c6 8. Nc3 a5 9. b5 Re8 10. O-O Nbd7 11. d4 e4 12. Nd2 Nf8 13. Rb1 Bf5 14. bxc6 bxc6 15. Na4 h5 16. Bc3 N8d7 17. Re1 Ng4 18. Nf1 Qh4 19. Bxg4 Bxg4 20. Qd2 Qg5 21. Kh1 Nf6 22. Ng3 h4 23. Ne2 h3 24. g3 Qf5 25. Nf4 g5 26. Nb6 Rab8 27. Bxa5 gxf4 28. Bc3 Bh5 29. a4 Qg4 0-1